Statistics for United Kingdom or France

Click here to take the quiz!

General Stats

  • This quiz has been taken 215 times
    (191 since last reset)
  • The average score is 7 of 10

Answer Stats

QuestionAnswer% Correct
This country has more land areaFrance
92%
Soccer started in this countryUnited Kingdom
86%
The death penalty is outlawed in this countryBoth
79%
The shortest scheduled flight in the world is in this countryUnited Kingdom
79%
This is the country that has not been occupied for almost 1000 yearsUnited Kingdom
78%
This is the most popular tourist destination in the worldFrance
73%
This country owns a territory in mainland South AmericaFrance
70%
This country tried to stop the other from entering the European Union(EU)France
69%
This country borders 2 countryUnited Kingdom
37%
This country is more populatedFrance
30%

Score Distribution

Percentile by Number Answered

Percent of People with Each Score

Your Score History

You have not taken this quiz since the last reset